[Event "RUS-ch Eurasia Cup op"]
[Site "Ekaterinburg"]
[Date "2018.08.10"]
[Round "9"]
[White "Filippova, Margarita"]
[Black "Looshnikov, Nikolai"]
[Result "0-1"]
[WhiteElo "2028"]
[BlackElo "2404"]
[PlyCount "50"]
[EventDate "2018.08.01"]
[EventType "swiss"]
[EventRounds "9"]
[EventCountry "RUS"]
[SourceTitle "CBM 185 Extra"]
[Source "ChessBase"]
[SourceDate "2018.07.29"]
[SourceVersion "1"]
[SourceVersionDate "2018.07.29"]
[SourceQuality "1"]

1. d4 d6 2. Nf3 g6 3. c4 Bg7 4. Nc3 e5 5. e4 Nc6 6. d5 Nce7 7. b4 f5 8. Nd2 Nf6 9. f3 a5 10. Ba3 axb4 11. Bxb4 c5 12. dxc6 Nxc6 13. Rb1 Bh6 14. Nb5 Nxb4 15. Rxb4 fxe4 16. fxe4 Rxa2 17. Nb3 Nxe4 18. Qf3 Bf5 19. Be2 0-0 20. 0-0 Qg5 21. Nc1 Rc2 22. Rb1 Kh8 23. Bd3 Qe3+ 24. Kh1 Nf2+ 25. Rxf2 Rxf2 0-1

[Event "RUS-ch Eurasia Cup op"]
[Site "Ekaterinburg"]
[Date "2018.08.08"]
[Round "7"]
[White "Bitkinin, Lenar"]
[Black "Looshnikov, Nikolai"]
[Result "0-1"]
[WhiteElo "2025"]
[BlackElo "2404"]
[PlyCount "92"]
[EventDate "2018.08.01"]
[EventType "swiss"]
[EventRounds "9"]
[EventCountry "RUS"]
[SourceTitle "CBM 185 Extra"]
[Source "ChessBase"]
[SourceDate "2018.07.29"]
[SourceVersion "1"]
[SourceVersionDate "2018.07.29"]
[SourceQuality "1"]

1. d4 e6 2. Nf3 d5 3. c4 c6 4. e3 Nd7 5. Nc3 Bd6 6. e4 Ne7 7. Bd3 dxc4 8. Bxc4 0-0 9. e5 Bb8 10. Bg5 h6 11. Bh4 Qe8 12. g4 c5 13. Bg3 Nc6 14. Bb5 cxd4 15. Bxc6 dxc3 16. Ba4 cxb2 17. Rb1 Qd8 18. 0-0 Nc5 19. Bc2 b6 20. Rxb2 Bb7 21. Qxd8 Rxd8 22. Nh4 g5 23. Ng2 Bf3 24. h3 Bc7 25. Ne3 Rd4 26. Rc1 Rad8 27. a3 R8d7 28. Rb4 Rd2 29. Nf1 Re2 30. Ne3 Kg7 31. Kf1 Bd8 32. a4 Be7 33. Rc4 Red2 34. Rc3 Be2+ 35. Kg2 Bd3 36. Nc4 Rxc2 37. R1xc2 Bxc2 38. Rxc2 Nxa4 39. Nd6 Nc5 40. Ra2 Bxd6 41. exd6 Ne4 42. f3 Nxg3 43. Kxg3 e5 44. Kf2 Kf6 45. Ke3 Ke6 46. Ke4 f6 0-1

[Event "Voronezh op-A 22nd"]
[Site "Voronezh"]
[Date "2018.06.19"]
[Round "7"]
[White "Timofeev, Artyom"]
[Black "Looshnikov, Nikolai"]
[Result "1-0"]
[WhiteElo "2583"]
[BlackElo "2424"]
[PlyCount "59"]
[EventDate "2018.06.12"]
[EventType "swiss"]
[EventRounds "9"]
[EventCountry "RUS"]
[SourceTitle "EXT 2019"]
[Source "ChessBase"]
[SourceDate "2018.10.10"]
[SourceVersion "1"]
[SourceVersionDate "2018.10.10"]
[SourceQuality "1"]

1. Nf3 Nf6 2. c4 e6 3. g3 d5 4. Bg2 Nbd7 5. b3 Be7 6. 0-0 0-0 7. Nc3 c6 8. d4 b6 9. Bb2 Ba6 10. Nd2 Rc8 11. e4 b5 12. e5 Ne8 13. c5 b4 14. Ne2 f6 15. f4 fxe5 16. fxe5 Rxf1+ 17. Nxf1 Nc7 18. Nf4 Rb8 19. Qg4 Nf8 20. h4 Qe8 21. Ne3 Qf7 22. Rd1 Rb5 23. Rd2 Ra5 24. Nc2 Bc8 25. Nxb4 Qe8 26. Nh5 Ng6 27. a4 Na6 28. Nd3 Nc7 29. Bc3 Ra6 30. Kh2 1-0

[Event "Voronezh op-A 22nd"]
[Site "Voronezh"]
[Date "2018.06.13"]
[Round "2"]
[White "Looshnikov, Nikolai"]
[Black "Kokarev, Dmitry"]
[Result "1/2-1/2"]
[WhiteElo "2424"]
[BlackElo "2603"]
[PlyCount "63"]
[EventDate "2018.06.12"]
[EventType "swiss"]
[EventRounds "9"]
[EventCountry "RUS"]
[SourceTitle "EXT 2019"]
[Source "ChessBase"]
[SourceDate "2018.10.10"]
[SourceVersion "1"]
[SourceVersionDate "2018.10.10"]
[SourceQuality "1"]

1. e4 c5 2. c3 Nf6 3. e5 Nd5 4. d4 cxd4 5. Nf3 Nc6 6. cxd4 d6 7. Bc4 dxe5 8. dxe5 Ndb4 9. Qb3 e6 10. 0-0 Na5 11. Bb5+ Bd7 12. Qa4 Bxb5 13. Qxb5+ Nac6 14. Nc3 a6 15. Qc4 Qd3 16. Qg4 Qg6 17. Qxg6 hxg6 18. Rd1 Be7 19. a3 Nc2 20. Ra2 Rd8 21. Rxd8+ Bxd8 22. Ne2 Bb6 23. b4 N2d4 24. Nfxd4 Nxd4 25. Be3 Nxe2+ 26. Rxe2 Bxe3 27. Rxe3 Rh4 28. g3 Rc4 29. h4 Ke7 30. Kg2 f6 31. f4 b6 32. Kf3 1/2-1/2

[Event "Cheliabinsk Governor's Cup IM"]
[Site "Satka"]
[Date "2017.07.07"]
[Round "7"]
[White "Looshnikov, Nikolai"]
[Black "Maryasin, Boris Feliksovich"]
[Result "1-0"]
[WhiteElo "2437"]
[BlackElo "2342"]
[PlyCount "85"]
[EventDate "2017.06.30"]
[EventType "tourn"]
[EventRounds "9"]
[EventCountry "RUS"]
[EventCategory "4"]
[SourceTitle "EXT 2018"]
[Source "ChessBase"]
[SourceDate "2017.10.13"]
[SourceVersion "1"]
[SourceVersionDate "2017.10.13"]
[SourceQuality "1"]

1. e4 e6 2. d4 d5 3. Nd2 Nc6 4. Ngf3 Nf6 5. e5 Nd7 6. Be2 f6 7. exf6 Nxf6 8. 0-0 Bd6 9. c4 0-0 10. c5 Bf4 11. Nb3 Ne4 12. Bxf4 Rxf4 13. Qc1 Qf6 14. Qe3 Qf8 15. Nc1 Nb4 16. Nd3 Nxd3 17. Bxd3 b6 18. c6 a5 19. Ne5 Ba6 20. f3 Nd6 21. Bxa6 Rxa6 22. Rae1 Ra8 23. Nd7 Qf7 24. g3 Rf5 25. Qxe6 Qxe6 26. Rxe6 Nb5 27. Rd1 Rxf3 28. a4 Na7 29. Ne5 Rf6 30. Re7 Nxc6 31. Rxc7 Nb4 32. Rdc1 Re8 33. Rd7 Na6 34. Ra7 Nc5 35. dxc5 Rxe5 36. cxb6 Re8 37. b7 Rff8 38. Rxa5 d4 39. Rd5 Rb8 40. Rc7 Rf7 41. Rc8+ Rf8 42. Rxb8 Rxb8 43. Rd7 1-0

[Event "Cheliabinsk Governor's Cup IM"]
[Site "Satka"]
[Date "2017.07.05"]
[Round "5"]
[White "Matsenko, Andrei"]
[Black "Looshnikov, Nikolai"]
[Result "1-0"]
[WhiteElo "2327"]
[BlackElo "2437"]
[PlyCount "99"]
[EventDate "2017.06.30"]
[EventType "tourn"]
[EventRounds "9"]
[EventCountry "RUS"]
[EventCategory "4"]
[SourceTitle "EXT 2018"]
[Source "ChessBase"]
[SourceDate "2017.10.13"]
[SourceVersion "1"]
[SourceVersionDate "2017.10.13"]
[SourceQuality "1"]

1. d4 Nf6 2. Nf3 e6 3. c4 Bb4+ 4. Nbd2 0-0 5. a3 Be7 6. e4 d6 7. Bd3 Nbd7 8. 0-0 e5 9. dxe5 dxe5 10. Qc2 a5 11. Rd1 a4 12. b4 axb3 13. Nxb3 c6 14. Bb2 Qc7 15. Qc3 Re8 16. c5 Bf8 17. a4 g6 18. a5 Nh5 19. Bc4 Re7 20. g3 Ng7 21. Ng5 Nf6 22. Qf3 Nge8 23. Qd3 h6 24. Nf3 Bg4 25. Kg2 Rd7 26. Qe3 Rxd1 27. Rxd1 Qe7 28. h3 Bxf3+ 29. Qxf3 Bg7 30. Qd3 Nc7 31. Qd6 Re8 32. f3 Nb5 33. Bxb5 cxb5 34. Qb6 Nh5 35. Bc1 Rc8 36. Rd6 Bf6 37. Be3 Bh4 38. Qxb5 Rc6 39. Rxc6 bxc6 40. Qb8+ Kh7 41. gxh4 Qxh4 42. Qxe5 Qe1 43. Bf2 Qe2 44. Qc7 Kg7 45. a6 Qxa6 46. Nd4 Qa2 47. Qd6 Kh7 48. Nxc6 g5 49. Nb4 Qb2 50. Nd5 1-0

[Event "Cheliabinsk Governor's Cup IM"]
[Site "Satka"]
[Date "2017.07.04"]
[Round "4"]
[White "Looshnikov, Nikolai"]
[Black "Drygalov, Sergey"]
[Result "1-0"]
[WhiteElo "2437"]
[BlackElo "2429"]
[PlyCount "114"]
[EventDate "2017.06.30"]
[EventType "tourn"]
[EventRounds "9"]
[EventCountry "RUS"]
[EventCategory "4"]
[SourceTitle "EXT 2018"]
[Source "ChessBase"]
[SourceDate "2017.10.13"]
[SourceVersion "1"]
[SourceVersionDate "2017.10.13"]
[SourceQuality "1"]

1. e4 c5 2. Nf3 e6 3. d4 cxd4 4. Nxd4 Nc6 5. Nc3 Qc7 6. g3 a6 7. Bg2 Nf6 8. 0-0 Be7 9. Re1 Nxd4 10. Qxd4 Bc5 11. Qd1 d6 12. Be3 0-0 13. Bxc5 Qxc5 14. Re3 Rb8 15. Na4 Qc7 16. Rc3 Qd8 17. Rd3 Qa5 18. Nc3 Ne8 19. a4 Bd7 20. Ne2 Qe5 21. Rb3 Nf6 22. Qd4 Bc6 23. Rb4 Rfd8 24. a5 Qh5 25. Nf4 Qh6 26. Qd1 e5 27. Nd5 Bxd5 28. exd5 Rdc8 29. Ra3 Qg6 30. Rab3 Rc7 31. Bf1 Nd7 32. Rc4 Rxc4 33. Bxc4 f5 34. Qe2 Qg5 35. Qe3 Qd8 36. Qa7 Qc8 37. Rc3 Qc5 38. Qxc5 Nxc5 39. Be2 Kf8 40. b4 Nd7 41. Rc7 Nf6 42. c4 Ne8 43. Rd7 b6 44. b5 axb5 45. a6 b4 46. a7 Ra8 47. Bd1 e4 48. Ba4 h5 49. Rb7 h4 50. Kg2 g5 51. gxh4 gxh4 52. Kh3 f4 53. Kg4 e3 54. fxe3 fxe3 55. Kf3 b5 56. cxb5 Nc7 57. Rxc7 Re8 1-0

[Event "Cheliabinsk Kurnosov Memorial rapid"]
[Site "Cheliabinsk"]
[Date "2016.05.26"]
[Round "4"]
[White "Smirnov, Pavel"]
[Black "Looshnikov, Nikolai"]
[Result "1/2-1/2"]
[WhiteElo "2564"]
[BlackElo "2463"]
[PlyCount "47"]
[EventDate "2016.05.26"]
[EventType "swiss (rapid)"]
[EventRounds "11"]
[EventCountry "RUS"]
[SourceTitle "CBM 172 Extra"]
[Source "ChessBase"]
[SourceDate "2016.06.21"]
[SourceVersion "1"]
[SourceVersionDate "2016.06.21"]
[SourceQuality "1"]

1. d4 Nf6 2. c4 e6 3. g3 Bb4+ 4. Bd2 Bxd2+ 5. Qxd2 d6 6. Bg2 Qe7 7. Nc3 0-0 8. Nf3 e5 9. 0-0 Bg4 10. dxe5 dxe5 11. Rfd1 c6 12. Qd6 Qxd6 13. Rxd6 Nbd7 14. Rad1 Rfe8 15. Ng5 h6 16. Nge4 Nxe4 17. Bxe4 Nc5 18. Bg2 a5 19. h3 Be6 20. b3 Kf8 21. f4 exf4 22. gxf4 Ke7 23. e3 Red8 24. R6d4 1/2-1/2

[Event "Urals-ch 74th"]
[Site "Khanty-Mansiysk"]
[Date "2016.03.30"]
[Round "8"]
[White "Inozemtsev, Sergei"]
[Black "Looshnikov, Nikolai"]
[Result "1-0"]
[WhiteElo "2327"]
[BlackElo "2481"]
[PlyCount "113"]
[EventDate "2016.03.23"]
[EventType "swiss"]
[EventRounds "9"]
[EventCountry "RUS"]
[SourceTitle "CBM 171 Extra"]
[Source "ChessBase"]
[SourceDate "2016.04.26"]
[SourceVersion "1"]
[SourceVersionDate "2016.04.26"]
[SourceQuality "1"]

1. e4 c5 2. Nf3 d6 3. Bb5+ Nd7 4. e5 e6 5. d4 cxd4 6. Qxd4 a6 7. Bxd7+ Qxd7 8. Nc3 dxe5 9. Qxd7+ Bxd7 10. Nxe5 Nf6 11. Be3 Rc8 12. 0-0-0 Bc6 13. Nxc6 Rxc6 14. Bd4 h5 15. Rhe1 h4 16. Rd3 Rh5 17. g3 Bb4 18. f3 hxg3 19. hxg3 Rh3 20. Red1 Bxc3 21. Bxc3 Nd5 22. Be1 b5 23. a3 Ke7 24. R1d2 f5 25. Re2 Kf6 26. Bf2 g5 27. Bd4+ Kg6 28. Be5 f4 29. g4 Ne3 30. b3 Nxg4 31. Bxf4 gxf4 32. Rg2 Rh4 33. Rd8 Rc3 34. fxg4 f3 35. Rf2 Re3 36. Kd2 Re2+ 37. Rxe2 fxe2 38. Kxe2 Rxg4 39. Rd6 Kf5 40. Rxa6 Rg2+ 41. Kd3 e5 42. Rb6 Rg3+ 43. Kd2 Rg2+ 44. Kc3 Rg3+ 45. Kb4 Rg2 46. Rxb5 Rxc2 47. a4 Ke6 48. Rb8 e4 49. Re8+ Kd5 50. a5 Ra2 51. Kb5 Kd4 52. b4 e3 53. Ka6 e2 54. b5 Kc5 55. b6 Kc6 56. b7 Rb2 57. Rxe2 1-0

[Event "Urals-ch 74th"]
[Site "Khanty-Mansiysk"]
[Date "2016.03.29"]
[Round "7"]
[White "Looshnikov, Nikolai"]
[Black "Drygalov, Sergey"]
[Result "1/2-1/2"]
[WhiteElo "2481"]
[BlackElo "2372"]
[PlyCount "101"]
[EventDate "2016.03.23"]
[EventType "swiss"]
[EventRounds "9"]
[EventCountry "RUS"]
[SourceTitle "CBM 171 Extra"]
[Source "ChessBase"]
[SourceDate "2016.04.26"]
[SourceVersion "1"]
[SourceVersionDate "2016.04.26"]
[SourceQuality "1"]

1. e4 c5 2. Nf3 e6 3. b3 b6 4. Bb2 Bb7 5. Qe2 Nc6 6. g3 d6 7. Bg2 e5 8. 0-0 Nf6 9. c3 Be7 10. d4 0-0 11. d5 Nb8 12. c4 a6 13. Ne1 b5 14. f4 Nbd7 15. Nd3 Qc7 16. Nd2 Bd8 17. Rac1 Re8 18. fxe5 dxe5 19. b4 Qb6 20. Kh1 Be7 21. bxc5 Bxc5 22. Nxc5 Nxc5 23. Nb3 bxc4 24. Nxc5 Qxc5 25. Rxc4 Qb5 26. a4 Qb6 27. Qf2 Qb3 28. Qc2 Qxc2 29. Rxc2 a5 30. Rc7 Ba6 31. Rf5 Bd3 32. Bxe5 Nxe4 33. Rfxf7 Rxe5 34. Rxg7+ Kf8 35. d6 Ng5 36. h4 Rd8 37. Rxg5 Rxg5 38. hxg5 Rxd6 39. Rc5 Ra6 40. Kg1 Bg6 41. Bc6 Ke7 42. Bb5 Ra7 43. Rc6 Be8 44. Rc5 Bg6 45. Kf2 Kd6 46. Rc6+ Kd5 47. Ke3 Re7+ 48. Kd2 Re5 49. Ra6 Rxg5 50. Rxa5 Rxg3 51. Be8+ 1/2-1/2

[Event "Satka Autumn op-B"]
[Site "Satka"]
[Date "2014.09.26"]
[Round "7"]
[White "Looshnikov, Nikolai"]
[Black "Shamsutdinov, Renat"]
[Result "1-0"]
[WhiteElo "2485"]
[BlackElo "1560"]
[PlyCount "67"]
[EventDate "2014.09.20"]
[EventType "swiss"]
[EventRounds "9"]
[EventCountry "RUS"]
[SourceTitle "EXT 2016"]
[Source "ChessBase"]
[SourceDate "2015.10.08"]
[SourceVersion "1"]
[SourceVersionDate "2015.10.08"]
[SourceQuality "1"]

1. c4 e5 2. Nc3 f5 3. d4 exd4 4. Qxd4 Nf6 5. Qe5+ Be7 6. Qxf5 d5 7. Qd3 d4 8. Nb5 c5 9. Bf4 Na6 10. Nf3 0-0 11. a3 b6 12. g3 Bb7 13. Bh3 Nh5 14. Bd2 Bxf3 15. exf3 Nc7 16. Nxc7 Qxc7 17. 0-0 Bd6 18. Rae1 Rae8 19. Re4 Nf6 20. Be6+ Kh8 21. Re2 Re7 22. Rfe1 Rfe8 23. Bg5 a6 24. f4 Qc6 25. Qf5 Rf8 26. b3 h6 27. Bh4 Qf3 28. Bd5 Qxe2 29. Rxe2 Rxe2 30. Bf3 Ree8 31. Qg6 Bc7 32. Kf1 Ne4 33. Bxe4 Rxe4 34. Qxe4 1-0

[Event "Satka Autumn op-B"]
[Site "Satka"]
[Date "2014.09.20"]
[Round "1"]
[White "Looshnikov, Nikolai"]
[Black "Sobol, Sergei"]
[Result "1-0"]
[WhiteElo "2485"]
[BlackElo "1719"]
[PlyCount "39"]
[EventDate "2014.09.20"]
[EventType "swiss"]
[EventRounds "9"]
[EventCountry "RUS"]
[SourceTitle "EXT 2016"]
[Source "ChessBase"]
[SourceDate "2015.10.08"]
[SourceVersion "1"]
[SourceVersionDate "2015.10.08"]
[SourceQuality "1"]

1. d4 d5 2. c4 c6 3. Nc3 Nf6 4. Nf3 e6 5. e3 Nbd7 6. Qc2 Bd6 7. g4 h6 8. Rg1 e5 9. cxd5 Nxd5 10. Bd2 Qf6 11. Ne4 Qxf3 12. Rg3 Qh1 13. Nxd6+ Kf8 14. 0-0-0 N7b6 15. Bg2 Qxh2 16. Rh1 Qxg3 17. fxg3 Bxg4 18. dxe5 Rb8 19. Rf1 Be6 20. Nxf7 1-0

[Event "Izhevsk Corporation Cup 6th"]
[Site "Izhevsk"]
[Date "2014.07.20"]
[Round "8"]
[White "Looshnikov, Nikolai"]
[Black "Khayrullin, Denis"]
[Result "1-0"]
[WhiteElo "2488"]
[BlackElo "2354"]
[PlyCount "67"]
[EventDate "2014.07.12"]
[EventType "swiss"]
[EventRounds "9"]
[EventCountry "RUS"]
[SourceTitle "CBM 161 Extra"]
[Source "ChessBase"]
[SourceDate "2014.08.29"]
[SourceVersion "1"]
[SourceVersionDate "2014.08.29"]
[SourceQuality "1"]

1. e4 c5 2. Nf3 e6 3. c3 Nf6 4. e5 Nd5 5. d4 cxd4 6. cxd4 d6 7. Bc4 Nc6 8. 0-0 Be7 9. Qe2 0-0 10. Nc3 Nxc3 11. bxc3 dxe5 12. dxe5 Qa5 13. Bd2 Bd7 14. Rfb1 Rab8 15. a4 Rfd8 16. Bd3 Be8 17. h4 Rd7 18. Qe4 g6 19. Bb5 Rc8 20. h5 a6 21. hxg6 hxg6 22. Bg5 Qd8 23. Bxc6 Rxc6 24. Qh4 Rxc3 25. Bxe7 Qxe7 26. Ng5 f5 27. Rb6 Rc6 28. Rxc6 bxc6 29. Rb1 Rd8 30. a5 Rc8 31. Rb6 Ra8 32. Rb3 Bd7 33. Rb7 Rd8 34. Qh6 1-0

[Event "Satka Summer op"]
[Site "Satka"]
[Date "2014.07.06"]
[Round "6"]
[White "Ibragimov, Maxim"]
[Black "Looshnikov, Nikolai"]
[Result "0-1"]
[WhiteElo "2154"]
[BlackElo "2488"]
[PlyCount "56"]
[EventDate "2014.07.02"]
[EventType "swiss"]
[EventRounds "9"]
[EventCountry "RUS"]
[SourceTitle "CBM 161 Extra"]
[Source "ChessBase"]
[SourceDate "2014.08.29"]
[SourceVersion "1"]
[SourceVersionDate "2014.08.29"]
[SourceQuality "1"]

1. e4 c5 2. Nf3 Nc6 3. d3 g6 4. Be3 Bg7 5. c3 d6 6. Qd2 Nf6 7. Bh6 0-0 8. Be2 c4 9. Bxg7 Kxg7 10. Na3 cxd3 11. Qxd3 b6 12. Rd1 Bb7 13. Qb1 Qc8 14. 0-0 Nd8 15. Nd2 Ne6 16. f3 d5 17. e5 Nh5 18. g3 Qc5+ 19. Rf2 Ng5 20. Bf1 f6 21. h4 Ne4 22. Nxe4 dxe4 23. exf6+ Rxf6 24. b4 Qc7 25. f4 e3 26. Re2 Nxg3 27. Rd4 Nxe2+ 28. Bxe2 Qc6 0-1

[Event "Satka Summer op"]
[Site "Satka"]
[Date "2014.07.05"]
[Round "4"]
[White "Logachiov, Aleksandr"]
[Black "Looshnikov, Nikolai"]
[Result "0-1"]
[WhiteElo "2111"]
[BlackElo "2488"]
[PlyCount "80"]
[EventDate "2014.07.02"]
[EventType "swiss"]
[EventRounds "9"]
[EventCountry "RUS"]
[SourceTitle "CBM 161 Extra"]
[Source "ChessBase"]
[SourceDate "2014.08.29"]
[SourceVersion "1"]
[SourceVersionDate "2014.08.29"]
[SourceQuality "1"]

1. e4 d5 2. exd5 Qxd5 3. Nc3 Qd6 4. d4 Nf6 5. Be2 c6 6. Nf3 Bf5 7. 0-0 Nbd7 8. a3 h6 9. Re1 e6 10. Bf1 Be7 11. Ne2 Bg4 12. Bf4 Qd5 13. Ne5 Nxe5 14. dxe5 Qxd1 15. Raxd1 Nd5 16. Bd2 0-0-0 17. h3 Bh5 18. g4 Bg6 19. Rc1 Nb6 20. Bc3 Bg5 21. f4 Bh4 22. Red1 Rxd1 23. Rxd1 Bxc2 24. Rd2 Be4 25. Bg2 Bd5 26. Bd4 Kc7 27. Bxb6+ Kxb6 28. Bxd5 exd5 29. Kg2 g5 30. Rd4 Re8 31. Kf3 a5 32. b4 axb4 33. axb4 Be1 34. Nc1 Bc3 35. Rd1 Bxb4 36. Nd3 Bf8 37. Rb1+ Kc7 38. f5 c5 39. Rc1 c4 40. Ke3 Kd7 0-1

[Event "Satka Summer op"]
[Site "Satka"]
[Date "2014.07.02"]
[Round "1"]
[White "Looshnikov, Nikolai"]
[Black "Minbayev, Bolatbek"]
[Result "1-0"]
[WhiteElo "2488"]
[BlackElo "1894"]
[PlyCount "73"]
[EventDate "2014.07.02"]
[EventType "swiss"]
[EventRounds "9"]
[EventCountry "RUS"]
[SourceTitle "CBM 161 Extra"]
[Source "ChessBase"]
[SourceDate "2014.08.29"]
[SourceVersion "1"]
[SourceVersionDate "2014.08.29"]
[SourceQuality "1"]

1. c4 e5 2. Nc3 Nf6 3. Nf3 Nc6 4. e3 d5 5. cxd5 Nxd5 6. Bb5 Nxc3 7. bxc3 Bd6 8. d4 exd4 9. cxd4 0-0 10. 0-0 Bg4 11. h3 Bh5 12. Bb2 a6 13. Be2 Re8 14. Nd2 Bxe2 15. Qxe2 Bb4 16. Rfd1 Qd5 17. Qg4 Bxd2 18. Rxd2 Ne5 19. Qf5 g6 20. Qf4 Nc4 21. Rc2 Nxb2 22. Rxb2 Rac8 23. Rc1 c5 24. Rxc5 Rxc5 25. dxc5 Rc8 26. Kh2 Rxc5 27. Qb8+ Kg7 28. Rxb7 Qxa2 29. Qa7 Rc8 30. Qd4+ Kg8 31. Qf6 a5 32. Re7 Qd5 33. e4 Qb3 34. h4 h5 35. e5 a4 36. e6 Rf8 37. Rxf7 1-0

[Event "RUS-ch Higher League 67th"]
[Site "Vladivostok"]
[Date "2014.06.12"]
[Round "8"]
[White "Shomoev, Anton"]
[Black "Looshnikov, Nikolai"]
[Result "1-0"]
[WhiteElo "2574"]
[BlackElo "2480"]
[PlyCount "71"]
[EventDate "2014.06.04"]
[EventType "swiss"]
[EventRounds "9"]
[EventCountry "RUS"]
[SourceTitle "CBM 161"]
[Source "ChessBase"]
[SourceDate "2014.07.16"]
[SourceVersion "1"]
[SourceVersionDate "2014.07.16"]
[SourceQuality "1"]

1. e4 e6 2. d4 d5 3. Nc3 Nf6 4. e5 Nfd7 5. Qg4 c5 6. Nf3 cxd4 7. Nb5 Nc6 8. Bf4 a6 9. Nbxd4 Nxd4 10. Nxd4 Qc7 11. Qg3 Nc5 12. 0-0-0 b5 13. Kb1 Bb7 14. Bd3 0-0-0 15. Nb3 Kb8 16. Be3 Nxb3 17. cxb3 d4 18. Rc1 Qb6 19. Bd2 g6 20. Bg5 Rd7 21. Bf6 Rg8 22. Rc2 h5 23. Qg5 Bc5 24. Rhc1 Rc8 25. f3 b4 26. h4 a5 27. Qd2 Bd5 28. Qe2 a4 29. Bb5 axb3 30. Bxd7 bxc2+ 31. Qxc2 Rc7 32. Bd8 Bd6 33. exd6 Bxa2+ 34. Kxa2 Rxc2 35. Bxb6 Rxc1 36. Ba4 1-0

[Event "RUS-ch Higher League 67th"]
[Site "Vladivostok"]
[Date "2014.06.11"]
[Round "7"]
[White "Looshnikov, Nikolai"]
[Black "Potkin, Vladimir"]
[Result "1/2-1/2"]
[WhiteElo "2480"]
[BlackElo "2621"]
[PlyCount "91"]
[EventDate "2014.06.04"]
[EventType "swiss"]
[EventRounds "9"]
[EventCountry "RUS"]
[SourceTitle "CBM 161"]
[Source "ChessBase"]
[SourceDate "2014.07.16"]
[SourceVersion "1"]
[SourceVersionDate "2014.07.16"]
[SourceQuality "1"]

1. e4 c5 2. Nf3 e6 3. c3 Nf6 4. e5 Nd5 5. d4 cxd4 6. cxd4 d6 7. Bc4 Be7 8. 0-0 0-0 9. Qe2 Nc6 10. a3 Bd7 11. Nbd2 Qc7 12. Qe4 Rad8 13. Re1 Bc8 14. b4 dxe5 15. dxe5 f5 16. Qc2 b5 17. Bxd5 Rxd5 18. Nb3 Bd8 19. Bf4 Ne7 20. Qb2 Qb8 21. Bg5 h6 22. Bxe7 Bxe7 23. Rac1 Bb7 24. Nbd4 Kf7 25. Nc6 Bxc6 26. Rxc6 Rc8 27. Qc3 Rxc6 28. Qxc6 Qb6 29. Qxb6 axb6 30. h3 g5 31. g4 Kg6 32. Kg2 h5 33. gxh5+ Kxh5 34. Re3 Bf8 35. Rc3 g4 36. hxg4+ fxg4 37. Ng1 Rxe5 38. Rc6 Bh6 39. Rxb6 Bc1 40. Ra6 Kg5 41. Kf1 Bb2 42. Ne2 Rd5 43. a4 bxa4 44. Rxa4 Rd1+ 45. Kg2 Rb1 46. Ra5+ 1/2-1/2

[Event "RUS-ch Higher League 67th"]
[Site "Vladivostok"]
[Date "2014.06.10"]
[Round "6"]
[White "Looshnikov, Nikolai"]
[Black "Usmanov, Vasily"]
[Result "1-0"]
[WhiteElo "2480"]
[BlackElo "2428"]
[PlyCount "77"]
[EventDate "2014.06.04"]
[EventType "swiss"]
[EventRounds "9"]
[EventCountry "RUS"]
[SourceTitle "CBM 161"]
[Source "ChessBase"]
[SourceDate "2014.07.16"]
[SourceVersion "1"]
[SourceVersionDate "2014.07.16"]
[SourceQuality "1"]

1. e4 c5 2. Nf3 Nc6 3. Bb5 g6 4. 0-0 Bg7 5. Re1 Nf6 6. e5 Nd5 7. Nc3 Nc7 8. Bxc6 dxc6 9. Ne4 b6 10. Nf6+ Kf8 11. Ne4 h6 12. d3 Kg8 13. h3 Kh7 14. Bf4 Ne6 15. Bh2 Nd4 16. Nfd2 Bf5 17. a4 a5 18. Nc4 Be6 19. b3 Rf8 20. c3 Bxc4 21. bxc4 Ne6 22. Rb1 Ra7 23. Qb3 Rb7 24. f4 h5 25. Qc2 Bh6 26. Rf1 Rd7 27. f5 Ng7 28. e6 Ra7 29. g4 hxg4 30. hxg4 gxf5 31. gxf5 fxe6 32. fxe6 Ra8 33. d4 Kg8 34. Qg2 cxd4 35. Be5 dxc3 36. Rxf8+ Qxf8 37. Rf1 Qd8 38. Qg6 Qd3 39. Qxh6 1-0

[Event "RUS-ch Higher League 67th"]
[Site "Vladivostok"]
[Date "2014.06.06"]
[Round "3"]
[White "Kravtsov, Sergey"]
[Black "Looshnikov, Nikolai"]
[Result "0-1"]
[WhiteElo "2311"]
[BlackElo "2480"]
[PlyCount "74"]
[EventDate "2014.06.04"]
[EventType "swiss"]
[EventRounds "9"]
[EventCountry "RUS"]
[SourceTitle "CBM 161"]
[Source "ChessBase"]
[SourceDate "2014.07.16"]
[SourceVersion "1"]
[SourceVersionDate "2014.07.16"]
[SourceQuality "1"]

1. Nf3 Nf6 2. c4 e6 3. g3 d5 4. Bg2 a6 5. cxd5 exd5 6. d4 Bd6 7. 0-0 0-0 8. Nc3 c6 9. Qc2 Re8 10. Nh4 h6 11. Bd2 Be6 12. Rad1 Nbd7 13. Bc1 Rc8 14. Rfe1 Nb6 15. Na4 Nxa4 16. Qxa4 Qd7 17. Bf1 Ne4 18. Ng2 b5 19. Qb3 a5 20. a3 a4 21. Qa2 Bh3 22. Rd3 Bf5 23. Re3 c5 24. Nh4 cxd4 25. Rf3 Bg4 26. Rd3 Rc4 27. f3 Nc5 28. Rdd1 Bh3 29. Qb1 Bxf1 30. Kxf1 Qh3+ 31. Kg1 d3 32. Ng2 Rxe2 33. Rxe2 dxe2 34. Re1 Nb3 35. Bf4 Bxf4 36. Nxf4 Rxf4 37. Rxe2 Qf5 0-1

[Event "Urals-ch 72nd"]
[Site "Tiumen"]
[Date "2014.03.27"]
[Round "8"]
[White "Looshnikov, Nikolai"]
[Black "Iskusnyh, Sergei"]
[Result "1/2-1/2"]
[WhiteElo "2469"]
[BlackElo "2471"]
[PlyCount "91"]
[EventDate "2014.03.20"]
[EventType "swiss"]
[EventRounds "9"]
[EventCountry "RUS"]
[SourceTitle "CBM 159 Extra"]
[Source "ChessBase"]
[SourceDate "2014.04.24"]
[SourceVersion "1"]
[SourceVersionDate "2014.04.24"]
[SourceQuality "1"]

1. e4 e6 2. d4 d5 3. Nc3 Nf6 4. Bg5 dxe4 5. Nxe4 Nbd7 6. Nf3 h6 7. Nxf6+ Nxf6 8. Bh4 c5 9. c3 cxd4 10. Bb5+ Bd7 11. Bxd7+ Qxd7 12. Bxf6 gxf6 13. Qxd4 Qxd4 14. Nxd4 Bc5 15. Nb3 Bb6 16. Rd1 Ke7 17. Ke2 Rad8 18. Rd2 h5 19. Rhd1 Rxd2+ 20. Rxd2 h4 21. Rd3 f5 22. Nd2 Bc7 23. Rh3 Be5 24. g3 Bf6 25. gxh4 Be5 26. Nb3 b6 27. Nc1 f4 28. h5 Bg7 29. Nd3 Bh6 30. Ne5 Kf6 31. Ng4+ Kg5 32. Ne5 Kf6 33. Ng4+ Kf5 34. Nxh6+ Rxh6 35. c4 Ke4 36. b4 e5 37. c5 bxc5 38. bxc5 Kd5 39. Rc3 Kc6 40. Ra3 Kxc5 41. Rxa7 f6 42. Ra6 Kd4 43. Kf3 Rxh5 44. Rd6+ Kc5 45. Rxf6 Rxh2 46. Ke4 1/2-1/2